Zig-zagging / (Record no. 23912)
[ view plain ]
| 000 -LEADER | |
|---|---|
| fixed length control field | 01371cam a22003254a 4500 |
| 001 - CONTROL NUMBER | |
| control field | 15611845 |
| 005 - DATE AND TIME OF LATEST TRANSACTION | |
| control field | 20170127115430.0 |
| 008 - FIXED-LENGTH DATA ELEMENTS--GENERAL INFORMATION | |
| fixed length control field | 090204s2009 aa 000 0ceng |
| 010 ## - LIBRARY OF CONGRESS CONTROL NUMBER | |
| LC control number | 2009002915 |
| 020 ## - INTERNATIONAL STANDARD BOOK NUMBER | |
| International Standard Book Number | 9780757307935 (hard cover) |
| 020 ## - INTERNATIONAL STANDARD BOOK NUMBER | |
| International Standard Book Number | 0757307930 (hard cover) |
| 040 ## - CATALOGING SOURCE | |
| Original cataloging agency | DLC |
| Transcribing agency | DLC |
| Modifying agency | DLC |
| 043 ## - GEOGRAPHIC AREA CODE | |
| Geographic area code | n-us--- |
| 050 00 - LIBRARY OF CONGRESS CALL NUMBER | |
| Classification number | NC1429.W5794 |
| Item number | A2 2009 |
| 100 1# - MAIN ENTRY--PERSONAL NAME | |
| Personal name | Wilson, Tom, |
| Dates associated with a name | 1957- |
| 245 10 - TITLE STATEMENT | |
| Title | Zig-zagging / |
| Statement of responsibility, etc. | Tom Wilson. |
| 260 ## - PUBLICATION, DISTRIBUTION, ETC. (IMPRINT) | |
| Place of publication, distribution, etc. | Deerfield Beach, FL : |
| Name of publisher, distributor, etc. | Health Communications, |
| Date of publication, distribution, etc. | c2009. |
| 300 ## - PHYSICAL DESCRIPTION | |
| Extent | xv, 212 p. : |
| Other physical details | ill. ; |
| Dimensions | 22 cm. |
| 600 10 - SUBJECT ADDED ENTRY--PERSONAL NAME | |
| Personal name | Wilson, Tom, |
| Dates associated with a name | 1931-2011. |
| 600 10 - SUBJECT ADDED ENTRY--PERSONAL NAME | |
| Personal name | Wilson, Tom, |
| Dates associated with a name | 1957- |
| 600 10 - SUBJECT ADDED ENTRY--PERSONAL NAME | |
| Personal name | Wilson, Tom, |
| Dates associated with a name | 1931-2011. |
| Title of a work | Ziggy. |
| 600 10 - SUBJECT ADDED ENTRY--PERSONAL NAME | |
| Personal name | Wilson, Tom, |
| Dates associated with a name | 1957- |
| Title of a work | Ziggy. |
| 650 #0 - SUBJECT ADDED ENTRY--TOPICAL TERM | |
| Topical term or geographic name as entry element | Cartoonists |
| Geographic subdivision | United States |
| Form subdivision | Biography. |
| 650 #0 - SUBJECT ADDED ENTRY--TOPICAL TERM | |
| Topical term or geographic name as entry element | American wit and humor, Pictorial. |
| 906 ## - LOCAL DATA ELEMENT F, LDF (RLIN) | |
| a | 7 |
| b | cbc |
| c | orignew |
| d | 1 |
| e | ecip |
| f | 20 |
| g | y-gencatlg |
| 942 ## - ADDED ENTRY ELEMENTS (KOHA) | |
| Source of classification or shelving scheme | |
| Koha item type | Hard Covered Materials |
| Classification part | NC 1429 .W5794A2 2009 |
| Withdrawn status | Lost status | Source of classification or shelving scheme | Damaged status | Not for loan | Home library | Current library | Shelving location | Date acquired | Source of acquisition | Total Checkouts | Full call number | Barcode | Date last seen | Price effective from | Koha item type |
|---|---|---|---|---|---|---|---|---|---|---|---|---|---|---|---|
| MACHAKOS UNIVERSITY LIBRARY | MACHAKOS UNIVERSITY LIBRARY | Technical section | 27/01/2017 | Donation (B.F.A) | NC 1429 .W5794A2 2009 | 32131 | 22/10/2018 | 27/01/2017 | Hard Covered Materials |